<?xml version="1.0" encoding="UTF-8"?>
<record
    xmlns:xsi="http://www.w3.org/2001/XMLSchema-instance"
    xsi:schemaLocation="http://www.loc.gov/MARC21/slim http://www.loc.gov/standards/marcxml/schema/MARC21slim.xsd"
    xmlns="http://www.loc.gov/MARC21/slim">

  <leader>00626nam a22001697a 4500</leader>
  <controlfield tag="003">UA-OsUOA</controlfield>
  <controlfield tag="001"> 19202 </controlfield>
  <controlfield tag="007">ta</controlfield>
  <controlfield tag="008">20040725b un ||||| |||| 00| 0 ukr d</controlfield>
  <datafield tag="942" ind1=" " ind2=" ">
    <subfield code="c">SA</subfield>
  </datafield>
  <datafield tag="040" ind1=" " ind2=" ">
    <subfield code="a">UA-OsUOA</subfield>
    <subfield code="c">UA-OsUOA</subfield>
    <subfield code="d">UA-OsUOA</subfield>
  </datafield>
  <datafield tag="245" ind1=" " ind2=" ">
    <subfield code="a">&#x41D;&#x430; "&#x411;&#x443;&#x43B;&#x44C;&#x431;&#x456;" &#x448;&#x430;&#x43B;&#x435;&#x43D;&#x456;&#x44E;&#x442;&#x44C; &#x456; &#x43F;&#x456;&#x434; &#x435;&#x442;&#x43D;&#x456;&#x447;&#x43D;&#x456; &#x440;&#x438;&#x442;&#x43C;&#x438;</subfield>
    <subfield code="b">[&#x421;&#x44C;&#x43E;&#x43C;&#x438;&#x439; &#x43C;&#x456;&#x436;&#x43D;&#x430;&#x440;. &#x444;&#x435;&#x441;&#x442;&#x438;&#x432;&#x430;&#x43B;&#x44C; &#x443;&#x43A;&#x440;. &#x43C;&#x443;&#x437;&#x438;&#x43A;&#x438; "&#x422;&#x430;&#x440;&#x430;&#x441; &#x411;&#x443;&#x43B;&#x44C;&#x431;&#x430;" &#x432; &#x414;&#x443;&#x431;&#x43D;&#x43E;]</subfield>
  </datafield>
  <datafield tag="300" ind1=" " ind2=" ">
    <subfield code="a">&#x421;.5</subfield>
  </datafield>
  <datafield tag="955" ind1=" " ind2=" ">
    <subfield code="a">0</subfield>
  </datafield>
  <datafield tag="773" ind1="0" ind2=" ">
    <subfield code="w">0</subfield>
    <subfield code="t">&#x420;&#x456;&#x432;&#x43D;&#x435;&#x43D;&#x441;&#x44C;&#x43A;&#x430; &#x433;&#x430;&#x437;&#x435;&#x442;&#x430;</subfield>
    <subfield code="d">&#x420;&#x456;&#x432;&#x43D;&#x435;</subfield>
    <subfield code="d">2004</subfield>
    <subfield code="g">&#x2116;60/21 &#x43B;&#x438;&#x43F;./</subfield>
  </datafield>
  <datafield tag="650" ind1=" " ind2="7">
    <subfield code="a">&#x41A;&#x440;&#x430;&#x454;&#x437;&#x43D;&#x430;&#x432;&#x447;&#x430; &#x440;&#x43E;&#x431;&#x43E;&#x442;&#x430;</subfield>
    <subfield code="2">UDC</subfield>
  </datafield>
  <datafield tag="999" ind1=" " ind2=" ">
    <subfield code="c">305373</subfield>
    <subfield code="d">305373</subfield>
  </datafield>
</record>
